| 000 | 00604nam a22001937a 4500 | ||
|---|---|---|---|
| 005 | 20251108172113.0 | ||
| 008 | 250721s1980 xx 000 0 ara d | ||
| 082 | 1 | 4 | _aط/551.2/ستا |
| 100 | 1 | _aستانتون، هارولد | |
| 245 | 1 | 0 | _aالجداول و الأنهار / |
| 264 | 1 |
_aبيروت : _bمكتبة لبنان، _c1980. |
|
| 300 | _a51ص. | ||
| 490 | 0 | _aسلسلة الكتب الرائدة ؛ 16 | |
| 650 | 1 | 7 | _aالأنهار |
| 653 | _aناشئون صغار ( 10 -14 سنة ) | ||
| 700 | 1 |
_aالخطيب، أحمد شفيق _eترجمة |
|
| 942 |
_2ddc _cBK |
||
| 999 |
_c70557 _d70557 |
||